Gorgona (Registro nro. 4536)
[ vista simple ]
| 000 -CABECERA | |
|---|---|
| Campo de control | 00549ngm a2200169 a 4500 |
| 005 - FECHA Y HORA DE LA ULTIMA TRANSACCION | |
| Campo de control | 20170215113036.0 |
| 008 - ELEMENTOS DE LONGITUD FIJA—INFORMACION GENERAL | |
| Campo de control | 140123b2001 ck ||||| |||| 00| 0 spa d |
| 040 ## - FUENTE DE CATALOGACIÓN | |
| Agencia catalogadora original | CO-BoIAVH |
| Agencia transcriptora | CO-BoIAVH |
| 041 ## - IDIOMA | |
| Código de idioma para texto/pista de sonido o título separado | Español |
| 090 ## - CLASIFICACIÓN LOCAL | |
| Colección | AV- |
| Consecutivo | 00339 |
| 110 ## - ASIENTO PRINCIPAL--NOMBRE CORPORATIVO | |
| Nombre corporativo o de jurisdicción como elemento de entrada | Instituto de Investigación de Recursos Biológicos Alexander von Humboldt |
| Unidad subordinad | Instituto de Investigación de Recursos Biológicos Alexander von Humboldt |
| 245 ## - MENCION DE TITULO | |
| Título | Gorgona |
| Parte restante del título | senderos de diosa y coral |
| 257 ## - PAIS DE LA ENTIDAD PRODUCTORA DE FILMES DE ARCHIVO | |
| País de la entidad productora | Colombia |
| 300 ## - DESCRIPCION FISICA | |
| Extensión | 21 min 38 seg |
| 942 ## - ELEMENTOS ADICIONALES (KOHA) | |
| Tipo de ítem | VHS |
| Sistema de clasificación | Local |
| 945 ## - PROCESAMIENTO LOCAL | |
| AAAA-MM-DD - Fecha de ingreso o modificacion | 2005-05-25 |
| Withdrawn status | Lost status | Sistema de Clasificación | Damaged status | No para préstamo | Colección | Ubicación Permanente | Ubicación actual | Fecha de adquisición | Fuente de adquisición | Total Checkouts | Número topográfico | Inventario / Código de Barras | Date last seen | Ejemplar | Price effective from | Tipo de material | Public note |
|---|---|---|---|---|---|---|---|---|---|---|---|---|---|---|---|---|---|
| Local | Audiovisual | Bogotá | Bogotá | 26/05/2005 | Hernández, Sarah | AV-00339 | 018867 | 04/12/2012 | Ej. 1 | 04/12/2012 | VHS | VHS | |||||
| Local | Audiovisual | Bogotá | Bogotá | 26/05/2005 | Hernández, Sarah | AV-00339 | 018865 | 04/12/2012 | Ej. 2 | 04/12/2012 | VHS | VHS |